Mi újság városi televízió?
Elmentve itt :
| Szerző: | |
|---|---|
| Dokumentumtípus: | Cikk |
| Megjelent: |
1987-05-15
|
| Sorozat: | Délmagyarország
77 No. 113 |
| Online Access: | http://dmarchiv.bibl.u-szeged.hu/115401 |
| LEADER | 00421nab a2200145 i 4500 | ||
|---|---|---|---|
| 001 | delm115401 | ||
| 005 | 20190918143522.0 | ||
| 008 | 190918s1987 hu o 0|| hun d | ||
| 040 | |a SZTE Délmagyarország Archívum |b hun | ||
| 041 | |a hun | ||
| 100 | 1 | |a Pálfy Katalin | |
| 245 | 1 | 0 | |a Mi újság városi televízió? |h [elektronikus dokumentum] / |c Pálfy Katalin |
| 260 | |c 1987-05-15 | ||
| 300 | |a 5 | ||
| 490 | 0 | |a Délmagyarország |v 77 No. 113 | |